| 000 | 00464nam a22001695i 4500 | ||
|---|---|---|---|
| 001 | 53278 | ||
| 003 | ES-MaACL | ||
| 007 | t| | ||
| 008 | 950913q18971900fr ab ||||1| fre d | ||
| 040 |
_aCAM _bspa _cCAM |
||
| 100 | 1 |
_aDurier, Charles. _946300 |
|
| 245 | 1 | 3 |
_aLe Mont-Blanc / _cpar Charles Durier. |
| 250 | _a5e éd. rev. et augm. | ||
| 260 |
_aParis : _bFischbacher, _c[1897?] |
||
| 300 |
_aXVI, 483 p., [1] h. de map. ; _c19 cm. |
||
| 852 |
_aES-MaACL _jG-14852 |
||
| 999 |
_c53278 _d53278 |
||